Culture Générale - Série 2377 - Statistiques

Statistiques générales
  • Ce quiz a été pris 129 fois
  • Le résultat moyen est 6 sur 10
Statistiques - réponses
Question Réponse % Correct
Dans la mythologie grecque,comment s’appelle l’animal qui garde l’entrée des enfers ? Cerbère
83%
En quelle année Valéry Gisard d'Estaing a-t-il été élu président de la République française ? 1974
82%
Où se situe le Swaziland, devenu l’Eswatini, en 2018 ? Afrique du sud
82%
Quelle est la capitale du Paraguay ? Asunción
73%
Quel auteur remporte le prix Goncourt pour la deuxième fois en 1975 avec "La Vie devant soi" sous le pseudo d'Émile Ajar ? prénom et nom Romain Gary
53%
Dans la mythologie grecque, quel dieu fut allaité par la chèvre Amalthée ? Zeus
52%
Quel pays se nommait autrefois le Dahomey ? Bénin
49%
Dans la mythologie grecque, quel est le nom du chien d’Ulysse ? Pensez à la balise ! Argos
38%
Quel était le prénom du cerveau du « casse du siècle » survenu à la Société générale de Nice, en juillet 1976 (1932-1989) ? Albert
27%
Qui est le réalisateur du film " Si Versailles m'était conté" ? prénom et nom - voir photo Sacha Guitry
17%
Aucun quiz correspondant
Distribution des résultats
% des personnes avec chaque résultat
Percentile par nombre de réponses
Votre historique - résultats
Vous n’avez pas pris ce quiz